El túnel
Salvato in:
| Autore principale: | |
|---|---|
| Natura: | Libro |
| Lingua: | spagnolo |
| Pubblicazione: |
Santiago
Seix Barral
1985
|
| Edizione: | 1a. ed |
| Serie: | Literatura Contemporánea, 7
|
| Soggetti: | |
| Tags: |
Aggiungi Tag
Nessun Tag, puoi essere il primo ad aggiungerne!!
|
MARC
| LEADER | 00000cam a2200000 a 4500 | ||
|---|---|---|---|
| 001 | UCE9395 | ||
| 003 | CL-VaPUC | ||
| 008 | 151022e19850000cl |||||||||||||||||spa|d | ||
| 082 | 0 | 4 | |a 863 |b SAB |2 21 |
| 100 | |a Sabato, Ernesto |e author |9 322691 | ||
| 245 | 1 | 3 | |a El túnel |
| 250 | |a 1a. ed | ||
| 300 | |a 137 p | ||
| 942 | |c BK | ||
| 945 | |d 20151022 17:18:00 |a dcastane | ||
| 260 | |a Santiago |b Seix Barral |c 1985 | ||
| 650 | 0 | |a Narrativa hispanoamericana |9 552155 | |
| 650 | 0 | |a Literatura argentina |9 320596 | |
| 650 | 0 | |a Novelas argentinas |9 267871 | |
| 583 | |a last modification |c 20151022 17:18:00 |k Rodrigo Vera | ||
| 490 | 0 | |a Literatura Contemporánea, 7 | |
| 999 | |c 361059 |d 361057 | ||